Normal view
MARC view
Entry Topical Term
001 - CONTROL NUMBER
- control field: 49
003 - CONTROL NUMBER IDENTIFIER
- control field: OSt
005 - DATE AND TIME OF LATEST TRANSACTION
- control field: 20140507162047.0
008 - FIXED-LENGTH DATA ELEMENTS
- fixed length control field: 090925|||a|||||| | ||| d
040 ## - CATALOGING SOURCE
- Original cataloging agency: OSt
- Transcribing agency: OSt
150 ## - HEADING--TOPICAL TERM
- Topical term or geographic name entry element: American poetry.
670 ## - SOURCE DATA FOUND
- Source citation: Work cat.: (OSt)0: Lowell, Robert, 1917-1977. 101, Robert Lowell's poems, 1974